000 00729nam a2200241 u 4500
001 675109
005 20260506091458.0
008 010717e19970202 eng
020 _a041514731X
035 _a675109
035 _a(OCoLC)318166367
040 _ccomduadb
041 _aeng
082 4 _a001
100 1 0 _aGraves, Norman
_4edt
_eedt
_9341101
245 1 0 _aWorking for a doctorate : a guide for the humanities and social sciences
260 _aNueva York :
_bRoudledge,
_c1997.
300 _a202 páginas
650 7 _aCiencias sociales
_2embne
_92064
650 7 _aTesis y disertaciones académicas
_2lemb
_920139
650 7 _aInvestigación científica
_xMetodología
_2armarc
_9164214
942 _cBOOK
999 _c207137
_d207137